Conversando sobre sexo /

Salvato in:
Dettagli Bibliografici
Autore principale: Suplicy, Marta (autor)
Natura: Libro
Lingua:spagnolo
Pubblicazione: Buenos Aires, Argentina : Paidós, 1988, c1988
Soggetti:
Tags: Aggiungi Tag
Nessun Tag, puoi essere il primo ad aggiungerne!!

MARC

LEADER 00000nam^a2200000^a^4500
001 000322585
005 20250620000000.0
009 20260310113615.058
020 |a 950-12-2512-7 
025 |a Donación Martín del Campo Chávez, 1 ejemplar 
037 |a Acervo ITESO - Biblioteca 
041 |a ESP 
082 |a 305. 3  |b SUP 
100 |a Suplicy, Marta  |e (autor) 
245 1 0 |a Conversando sobre sexo /  |c M. Suplicy ; tr. por Graciela Perrone. 
264 4 |a Buenos Aires, Argentina :  |b Paidós,  |c 1988, c1988 
300 |a 422 p. 
336 |a texto  |b txt  |2 rdacontenido 
337 |a sin mediación  |b n  |2 rdamedio 
338 |a volumen  |b nc  |2 rdasoporte 
500 |a Traducción de: Conversando sobre sexo 
649 |a XX 
650 |a Prácticas Sexuales 
650 |a Educación Sexual 
650 |a Sexualidad -  |x Tema Principal 
650 |a Género 
650 |a Psicología 
650 |a Sociología 
910 |a Fondo General 
920 |a Impresos - Libros 
930 |a Colección General 
905 |a 101 
901 |a 0500209911  |b IT1  |c ACC  |d DT  |i D  |u 20250620 
902 |a https://opac.biblio.iteso.mx/vufind/Record/000322585